| 000 | 00390nam a2200145Ia 4500 | ||
|---|---|---|---|
| 008 | 210716s1947 xx 000 0 und d | ||
| 041 | _aeng | ||
| 082 | _a423 FERJ | ||
| 100 | _aFernald, James C. | ||
| 245 | _aFunk and Wagnalls standard handbook of synonyms antonyms and prepositions. | ||
| 250 | _a1 | ||
| 260 |
_aNew York _c1947 |
||
| 300 | _a515 | ||
| 650 | _aDictionaries & Thesaurus | ||
| 999 |
_c203161 _d203161 |
||